Fremdenverkehrsstatistik Wintersaison 1986/87

Guardado en:
Detalles Bibliográficos
Formato: Libro
Lenguaje:alemán
Publicado: Vaduz Amt für Volkswirtschaft 1987
Etiquetas: Agregar Etiqueta
Sin Etiquetas, Sea el primero en etiquetar este registro!

MARC

LEADER 00000nam a2200000 4500
001 c111147
005 20260108125558.5
041 0 |a ger 
044 |a LI 
245 1 0 |a Fremdenverkehrsstatistik  |b Wintersaison 1986/87 
264 1 |a Vaduz  |b Amt für Volkswirtschaft  |c 1987 
300 |a 20 s.